| 000 | 00359nam a2200133Ia 4500 | ||
|---|---|---|---|
| 008 | 260210s9999 xx 000 0 und d | ||
| 024 | _a10B-111-BS | ||
| 082 | _a330.178072 NAV | ||
| 100 | _aNaveed Asghar | ||
| 245 | 0 | _aSmart Bil pay (code book) | |
| 260 |
_aKarachi: _bUITU, _c2010 |
||
| 600 | _aComputer Science | ||
| 650 | _aBachelor of Computer Science (BS) | ||
| 999 |
_c32150 _d32150 |
||